00846nam a2200169 450000100040000000500170000400800410002103500030006204100070006505000260007210000210009824500810011926000370020030000260023744000370026352003760030080020230410115450.0060907n1989 dr spa   aEN14aHD 77.5.L29 K23l 1989 aKay, Crístobal1 aLatin American theory of development and underdevelopment /cCrístobal Kay aLondon :bRoutledge,c1989  aviii, 295 p. / 21 cm. aDevelopment and underdevelopment aThe challenge from the periphery, 1. -- The structuralist school of development, 25. -- Internal colonialism : Ethnic and class relations, 58. -- Marginality : Social relations and capital accumulation, 88. -- Reformist and marxist approaches to dependency, 125. -- Dependency : Debates, critiques, and beyond, 163. -- The latin american contribution in perspective, 197